LEADER 01110nam a2200253 i 4500 001 000000174050 003 CaOOAMICUS 005 20080812000000.0 008 080812s1927 fr u000 u fre u 013 $a151508 040 $aSeMil$bita 100 1 $aNietzsche, Friedrich,$d<1844-1900>.$0(OLS)http://semarc/name/1250 245 13$aLe voyageur et son ombre. 2. /$cFrédéric Nietzsche ; traduit par Henri Albert. 250 $a12. éd. 260 $aParis :$bMercure de France,$c1927. 300 $a237 p. ;$c19 cm. 490 0 $aCollection d'auteurs etrangers 700 1 $aAlbert, Henri <1869-1921>.$0(OLS)http://semarc/name/8881 773 0 $tOeuvres complétes de Frédéric Nietzsche.$dParis : Mercure de France $kCollection d'auteurs etrangers$w()19889 830 0$aCollection d'auteurs etrangers.$0(OLS)http://semarc/title/26177 850 $aSeMil 852 $aSeMil$W1$xVenegono$y1$m2P II 131$j124895$B124895$CSeMilBibl$Z2$F135877 $81 996 $6245$aLe voyageur et son ombre. 2.$9(OLS)http://semarc/title/249453 996 $6260$aParis :$bMercure de France$9(OLS)http://semarc/publisher/35093 LEADER 01262nam a2200265 i 4500 001 000000036877 003 CaOOAMICUS 005 20220701103636.0 008 091127s1989 be u000 u mul u 013 $a6736 040 $aSeMil$bita 100 1 $aJacques : de Saroug.$0(OLS)http://semarc/name/10096 245 10$a[Textus]. 300 $aLI, 105 p. 490 0 $aCorpus Scriptorum Christianorum Orientalium ;$v508. Scriptores Syri ; 214 490 0 $aCorpus Scriptorum Christianorum Orientalium. Scriptores Syri ;$v214 650 4$aLetteratura religiosa siriaca - Testi.$0(OLS)http://semarc/subject/5951 773 0 $aJacques : de Saroug$tQuatre homélies métriques sur la Création.$dLovanii : In aedibus Peeters, 1989.$kCorpus Scriptorum Christianorum Orientalium. Scriptores Syri$w()22557 830 0$aCorpus Scriptorum Christianorum Orientalium ;$v508. Scriptores Syri ; 214.$0(OLS)http://semarc/title/77 830 0$aCorpus Scriptorum Christianorum Orientalium. Scriptores Syri ;$v214.$0(OLS)http://semarc/title/9544 850 $aSeMil 852 $aSeMil$W1$xVenegono$y1$m2S III 508$j3032$B3032$CSeMilBibl$Z2$F3032 $81 961 $aAcquisto: Casa editrice 996 $6245$a[Textus]$9(OLS)http://semarc/title/46827